| 000 | 00649nam a22002175i 4500 | ||
|---|---|---|---|
| 001 | 175941 | ||
| 003 | ES-MaACL | ||
| 005 | 20230906215941.0 | ||
| 008 | 101201s1964 sp o |||| | cat d | ||
| 080 | _a929 Carner, Josep | ||
| 100 | 1 |
_aCalders, Pere. _933636 |
|
| 245 | 1 | 0 |
_aJosep Carner / _cPere Calders. |
| 260 |
_a[Barcelona] : _bAlcides, _cD. L. 1964. |
||
| 300 |
_a80 p. : _bfot. bl. y n. ; _c17 cm. |
||
| 490 | 1 |
_aBiografies populars ; _v15 |
|
| 546 | _aTexto en catalán. | ||
| 600 | 1 | 4 |
_aCarner, Josep. _935366 |
| 830 | 0 |
_aBiografies populars ; _v15 _9189851 |
|
| 852 |
_aES-MaACL _j2267-F-10 _xOlim P-81-bis |
||
| 999 |
_c175941 _d175941 |
||